000 00653nam a2200217Ii 4500
003 JO-AjNU
008 230606s9999||||xx |||||||||||||| ||und||
020 _a978-0-521-71023-7
040 _aJO-AjNU
_beng
_erda
_cJO-AjNU
041 _aeng
050 1 4 _aP130.5.B58 2010
100 3 _aBlommaert,Jan تأليف ,
_eauthor
_92635
245 0 4 _aThe Sociolinguistics Of Globalization
250 _a1 ed
264 3 1 _aNew York:Cambridge University Press,2010
300 _a213p
336 _atext
_btxt
_2rdacontent
337 _aunmediated
_bn
_2rdamedia
338 _avolume
_bnc
_2rdacarrier
650 4 _aThe Sociolinguistics Of Globalization
_92636
999 _aE1377
_c1377
_d1377